00758nam a22002057a 450000500170000001000150001702000260003203500140005803700090007208200150008110000310009624500670012725000060019426000390020027000900023930000200032994200260034999900190037595201580039420260212120221.0 aENG-147825 a9789391657826c795.00 aEN-131357 bDBAD a396.96021 aBhasingala Ramadevi987333 aHidden Struggles of Women Health Workers/cBhasingala Ramadevi a1 aNew DelhibAryan Publicationc2024 a110,Gali no.4, Harphool Vihar,BapraulabNew Delhie110043maryanpublication@gmail.com a194p.c22cm(hb) 2ddccENh363.960mBHA c214832d214832 001040708NFICaBL1bBL1d2026-02-12eDelivery of Books Act Divisiong795.00l0o363.960 BHApEN-131357r2026-02-12 00:00:00t1v795.00w2026-02-12yEN